| 000 | 00581nam a22002057a 4500 | ||
|---|---|---|---|
| 005 | 20240429101720.0 | ||
| 008 | 240429b |||||||| |||| 00| 0 eng d | ||
| 020 | _a9781444121285 | ||
| 082 |
_a615 _bWIL-B |
||
| 100 | _aWilliams Norman S. | ||
| 245 |
_aBailey & Love's _cNorman S.Williams, Christopher J.K Bulstrode,Ronan O Connell |
||
| 250 | _a26th ed. | ||
| 260 |
_aUSA; _bCRC: _c2013. |
||
| 300 |
_axv,1517p. _bill; _c27 cm. |
||
| 500 | _ainclude index . | ||
| 650 | _aMedical / Surgery | ||
| 700 | _aChristopher J.K Bulstrode | ||
| 700 | _aRonan O Connell | ||
| 999 |
_c35620 _d35620 |
||